000 00572nam a2200241Ia 4500
003 OSt
005 20221005125547.0
006 a|||||r|||| 00| 0
007 ta
008 221004b |||||||| |||| 00| 0 eng d
024 _a60770
037 _cTextual
040 _aCRL
_cCRL
_beng
041 _2eng
_aeng
082 _aU28:C, F9;H0
100 _aHumphreys W J
_994405
245 0 _aPhysics of the air
250 _a3rd
260 _c1940
650 _aGEOGRAPHY
942 _hU28:C, F9;H0
_cTEXL
_2cc
999 _c1054362
_d1054362